| 000 | 00625nam a2200181Ia 4500 | ||
|---|---|---|---|
| 008 | 170725s9999 xx 000 0 und d | ||
| 100 | _aHeru Fahlevi | ||
| 245 | _aFinancial Performance and Sharia Compliance: A Comparative Analysis of Indonesian and Malaysian Islamic Banks | ||
| 245 | _cHeru Fahlevi | Irsyadillah | Putra Randa | ||
| 260 | _c2017 | ||
| 300 | _apages 41-52, January | ||
| 440 |
_aDLSU Business & Economics Review _v26:2 |
||
| 500 | _aCJ0034 | ||
| 650 | _a ISLAMIC BANKS | ||
| 650 | _a SHARIA COMPLIANCE, PROFITABILITY, FINANCIAL PERFORMANCE | ||
| 650 | _aCAMEL RATING | ||
| 650 | _aFINANCIAL REPORTS | ||
| 999 |
_c340917 _d340917 |
||